01809nam a2200469 i 450000100060000000300080000600500170001400600190003100700150005000800410006502000270010603500230013303500240015603500250018003500220020504000310022705000210025808000110027908200190029010000220030924500980033126400580042930000470048733600310053433700330056533800430059849000260064150000230066750400430069058801280073359001640086165000180102565000550104365000190109865000340111765500270115170000360117879700190121483000270123385600620126099900170132260084FlNmELB20241217142045.0m o d | cr cnu||||||||171117s2016 ck ob 001 0 spa d a9789587387124 (e-book) a(MiAaPQ)EBC5045500 a(Au-PeEL)EBL5045500 a(CaPaEBR)ebr11440280 a(OCoLC)1105900222 aFINmELBbspaerdacFINmELB 4aHB139bT114 2016 a330.430 a330.0151952231 aTaborda, Rodrigo.10aMaterial de estudio :bejercicios de econometría /cRodrigo Taborda, Gerson Javier Pérez. 1aBogotá :bEditorial Universidad del Rosario,c2016. a1 recurso en línea (xiii, 224 páginas) atextobtxt2rdacontent/spa acomputadorabc2rdamedia/spa arecurso en líneabcr2rdacarrier/spa1 aColección lecciones aContiene índice. aContiene referencias bibliográficas. aDescripción basada en recurso en línea; Título de la página del título en PDF (e-libro, visto November 17, 2017). aRecurso electrónico. Santa Fe, Arg.: e-libro, 2017. Disponible vía World Wide Web. El acceso puede estar limitado para las bibliotecas afiliadas a e-libro. 0aEconometrics. 0aStatistical mathematicsvProblems, exercises, etc. 4aEconometría. 4aMatemáticas estadísticas. 4aLibros electrónicos.1 aPérez, Gerson Javier,eautor.2 ae-libro, Corp. 0aColección lecciones.40uhttps://elibro.net/ereader/politecnicointernacional/69717 c60084d60084